| 000 | 01178nam a22003497a 4500 | ||
|---|---|---|---|
| 003 | OSt | ||
| 005 | 20230427114216.0 | ||
| 008 | 221006b |||||||| |||| 00| 0 eng d | ||
| 040 | _cBiblioteca Lado V | ||
| 082 |
_a720 _bO48e |
||
| 100 |
_9294 _aOlivares, Rosa _eeditor |
||
| 245 | _aExit/ | ||
| 260 |
_bOlivares y Asociados S.L. _aEspaña _c2000 |
||
| 300 |
_c21x26cm _a160p. |
||
| 366 | _espa | ||
| 490 |
_a6 _v2000 |
||
| 505 | _tEditorial | ||
| 505 | _tConstruyendo la ficción | ||
| 505 | _tEn busca de la memoria. Georges Rousse. | ||
| 505 | _tPicture Show | ||
| 505 | _tCuatro veces arquitectura ficticia | ||
| 505 | _tIndice de artistas | ||
| 650 |
_2Tesauro de Arte & Arquitectura _aARTE _9703 |
||
| 650 |
_2Tesauro de Arte & Arquitectura _aEXPOSICIONES |
||
| 650 |
_2Tesauro de Arte & Arquitectura _aCULTURA |
||
| 650 |
_2Tesauro de Arte & Arquitectura _aAPRECIACION |
||
| 650 |
_2Tesauro de Arte & Arquitectura _aTEORIA |
||
| 650 |
_2Tesauro de Arte & Arquitectura _aARQUITECTURA |
||
| 650 |
_2Tesauro de Arte & Arquitectura _aLITERATURA |
||
| 650 |
_2Tesauro de Arte & Arquitectura _aESPAÑA |
||
| 942 |
_2ddc _c1 _h720 _i048e _n0 |
||
| 999 |
_c3489 _d3489 |
||